Arcybiskup Ignacy Tokarczuk : (Rekord nr 27473)
| 000 -Nagłówek | |
|---|---|
| fixed length control field | 02357cam a2200565 i 4500 |
| 001 - Nr kontrolny bibl., która utworzyła rek. | |
| control field | xx004696268 |
| 003 - Siglum bibl., której nr kontr. jest w 001 | |
| control field | NUKAT |
| 005 - Data i czas ostatniej operacji | |
| control field | 20260408124739.0 |
| 008 - Elementy pola stałej długości | |
| fixed length control field | 190910s2019 pl a |000 0bpol c |
| 020 ## - ISBN | |
| ISBN | 9788380985155 |
| dopowiedzenie | (oprawa twarda) : |
| warunki dostępności | zł 59,00 |
| 035 ## - Systemowy numer kontrolny | |
| systemowy numer kontrolny | (OCoLC)1121445342 |
| 035 ## - Systemowy numer kontrolny | |
| systemowy numer kontrolny | (NUKAT)xx004696268 |
| 040 ## - Instytucja sporządzająca opis | |
| Instytucja, która sporządziła opis | KAT U/JP |
| język katalgowania-trzyzn. kod | pol |
| zasady opisu | rda |
| Instytucja, która sporządziła rekord | KAT U/JPs |
| Instytucja, która zmodyfikowała rekord | KAT U/AW |
| -- | WR O/KP |
| -- | OLSZT 008/bak |
| 041 0# - Kod nazwy języka dokumentu | |
| Język tekstu | pol |
| Język streszczeń | ita |
| -- | eng |
| -- | ukr |
| 045 2# - Okres czasu dla zawartości | |
| czas między r. 9999 pne a nasz. czas. | d1918 |
| -- | d2012 |
| 046 ## - Kod rodz. daty, data1, data2 (daty pne) | |
| Begin/single date | 2019 |
| 100 1# - Hasło główne-nazwa osobowa | |
| Nazwa osobowa | Krzysztofiński, Mariusz |
| Daty biograficzne | (1973- ). |
| rodzaj współpracy | Autor |
| 9 (RLIN) | 39647 |
| 245 10 - Tytuł właściwy i oznaczenie odpow. | |
| tytuł | Arcybiskup Ignacy Tokarczuk : |
| dodatek do tytułu | (1918-2012) : metropolita przemyski obrządku łacińskiego / |
| dod. inf. ze s. tyt./ozn. odpow. | Mariusz Krzysztofiński ; Instytut Pamięci Narodowej - Komisja Ścigania Zbrodni przeciwko Narodowi Polskiemu. |
| 260 ## - Adres wydawniczy | |
| miejsce wydania, dystrybucji itp. | Rzeszów ; |
| -- | Warszawa : |
| nazwa wydawcy, dystrybutora itp. | Instytut Pamięci Narodowej - Komisja Ścigania Zbrodni przeciwko Narodowi Polskiemu, |
| data wydania, dystrybucji itp. | 2019. |
| 300 ## - Opis fizyczny | |
| objętość i/lub forma materiału | 517, [3] strony : |
| inne szczegóły opisu fizycznego | ilustracje ; |
| format | 30 cm. |
| 336 ## - Content Type | |
| Term | Tekst |
| Code | txt |
| Source | rdacontent |
| 337 ## - Media Type | |
| Term | Bez urządzenia pośredniczącego |
| Code | n |
| Source | rdamedia |
| 338 ## - Carrier Type | |
| Term | Wolumin |
| Code | nc |
| Source | rdacarrier |
| 380 ## - Form of work | |
| Form of work | Albumy i książki artystyczne |
| 380 ## - Form of work | |
| Form of work | Książki |
| 380 ## - Form of work | |
| Form of work | Publikacje naukowe |
| 388 1# - TIME PERIOD OF CREATION | |
| Time period of creation term | 2001- |
| 500 ## - Uwaga ogólna | |
| uwaga ogólna | Na dole strony tytułowej: Konferencja Episkopatu Polski. |
| 504 ## - Uwaga o bibliografii | |
| uwaga o bibliografii | Bibliografia na stronach 509-512. |
| 546 ## - Uwaga o języku opisywanego materiału | |
| uwaga o języku | Streszczenie włoskie, angielskie i ukraińskie. |
| 600 17 - Hasło przedmiotowe-nazwa osobowa | |
| nazwa osobowa | Tokarczuk, Ignacy |
| daty biograficzne | (1918-2012) |
| źródło hasła | DBN |
| 9 (RLIN) | 39648 |
| 600 17 - Hasło przedmiotowe-nazwa osobowa | |
| nazwa osobowa | Tokarczuk, Ignacy |
| daty biograficzne | (1918-2012) |
| określnik formy | wydawnictwa ilustrowane. |
| źródło hasła | kaba |
| 9 (RLIN) | 39649 |
| 610 27 - Hasło przedmiotowe-nazwa ciała zbior. | |
| nazwa ciała zbior. lub geogr. | Diecezja Przemyska |
| źródło hasła | DBN |
| 9 (RLIN) | 37825 |
| 648 #7 - SUBJECT ADDED ENTRY--CHRONOLOGICAL TERM | |
| Chronological term | 1901-2000 |
| Source of heading or term | DBN |
| 9 (RLIN) | 34996 |
| 648 #7 - SUBJECT ADDED ENTRY--CHRONOLOGICAL TERM | |
| Chronological term | 2001- |
| Source of heading or term | DBN |
| 9 (RLIN) | 36393 |
| 650 #7 - Hasło przedmiotowe-nazwa pospolita | |
| nazwa pospolita lub geogr. | Antykomunizm |
| źródło hasła | DBN |
| 9 (RLIN) | 39401 |
| 650 #7 - Hasło przedmiotowe-nazwa pospolita | |
| nazwa pospolita lub geogr. | Biskupi |
| źródło hasła | DBN |
| 9 (RLIN) | 35374 |
| 650 #7 - Hasło przedmiotowe-nazwa pospolita | |
| nazwa pospolita lub geogr. | Duchowieństwo katolickie |
| źródło hasła | DBN |
| 9 (RLIN) | 35375 |
| 650 #7 - Hasło przedmiotowe-nazwa pospolita | |
| nazwa pospolita lub geogr. | Fotografia dokumentalna |
| źródło hasła | DBN |
| 9 (RLIN) | 39457 |
| 650 #7 - Hasło przedmiotowe-nazwa pospolita | |
| nazwa pospolita lub geogr. | Fotografia polska |
| źródło hasła | DBN |
| 9 (RLIN) | 35386 |
| 650 #7 - Hasło przedmiotowe-nazwa pospolita | |
| nazwa pospolita lub geogr. | Kościół a państwo |
| źródło hasła | DBN |
| 9 (RLIN) | 35883 |
| 651 #7 - Hasło przedmiotowe-nazwa geogr. | |
| nazwa geograficzna | Polska |
| źródło hasła | DBN |
| 9 (RLIN) | 35076 |
| 655 #7 - Termin określający rodzaj/formę | |
| rodzaj/forma | Album |
| źródło terminu | DBN |
| 9 (RLIN) | 35390 |
| 655 #7 - Termin określający rodzaj/formę | |
| rodzaj/forma | Biografia |
| źródło terminu | DBN |
| 9 (RLIN) | 35059 |
| 658 ## - Nazwa określająca cel programu nauczania | |
| główny cel programu nauczania | Historia |
| 658 ## - Nazwa określająca cel programu nauczania | |
| główny cel programu nauczania | Religia i duchowość |
| 710 2# - Hasło dodatkowe - nazwa ciała zbior. | |
| nazwa ciała zbior. lub nazwa geogr. | Instytut Pamięci Narodowej - Komisja Ścigania Zbrodni przeciwko Narodowi Polskiemu. |
| rodzaj współpracy | Instytucja sprawcza |
| -- | Wydawca |
| kod rodzaju współpracy | pbl |
| 9 (RLIN) | 11792 |
| 920 ## - ISBN | |
| ISBN | 978-83-8098-515-5 (oprawa twarda) : zł 59,00 |
| 942 ## - ADDED ENTRY ELEMENTS (KOHA) | |
| Source of classification or shelving scheme | Dewey Decimal Classification |
| Koha item type | pozycje dostępne na miejscu |
| Status wycofania | Status zagubienia | Klasyfikacja | Status uszkodzenia | Blokada wypożyczeń | Kolekcja | Lokalizacja macierzysta | Lokalizacja bieżąca | Data nabycia | Numer akcesji | Źródło akcesji | Cena | Nr inwentarzowy | il. wypożyczeń | Sygnatura | Kod kreskowy | Date last seen | Price effective from | Typ egz. |
|---|---|---|---|---|---|---|---|---|---|---|---|---|---|---|---|---|---|---|
| Dewey Decimal Classification | nieuszkodzona | książka w magazynie | Biblioteka Instytutu Północnego w Olsztynie | Biblioteka Instytutu Północnego w Olsztynie | 25/11/2019 | D-38/2019 | dar | 59.00 | 59857 | 59857 | IPWK21556 | 08/04/2026 | 08/04/2026 | pozycje dostępne na miejscu |